[Event "FRM-chT 32nd"]
[Site "Struga"]
[Date "2024.07.31"]
[Round "8.4"]
[White "Mitkovski, Zarko"]
[Black "Radicevski, Ljupco"]
[Result "1-0"]
[WhiteElo "2165"]
[BlackElo "2100"]
[PlyCount "69"]
[EventDate "2024.07.24"]
[EventType "team-tourn"]
[EventRounds "9"]
[EventCountry "MKD"]
[SourceTitle "EXT 2025"]
[Source "ChessBase"]
[SourceDate "2024.10.14"]
[SourceVersion "1"]
[SourceVersionDate "2024.10.14"]
[SourceQuality "1"]
[WhiteTeam "Kumanovo GSHK"]
[BlackTeam "Shipkovica Anpasan"]
[WhiteTeamCountry "MKD"]
[BlackTeamCountry "MKD"]

1. d4 d5 2. Bg5 Nc6 3. Nf3 f6 4. Bh4 g5 5. Bg3 h5 6. h4 g4 7. Ng1 Bf5 8. e3 e6 9. Bd3 Nh6 10. a3 Bd6 11. Ne2 Qd7 12. Bxd6 Qxd6 13. Nf4 Bxd3 14. Qxd3 Nf5 15. g3 0-0-0 16. Nc3 Kb8 17. 0-0-0 Na5 18. Ncxd5 exd5 19. Qxf5 Nc4 20. Rd3 Rhe8 21. Qxh5 b5 22. Qxg4 Ka8 23. Rb3 b4 24. Rxb4 a5 25. Rb5 c6 26. Rc5 a4 27. Nd3 Rb8 28. Nb4 Rb6 29. c3 Rxb4 30. cxb4 Kb7 31. Qf4 Qd7 32. h5 Nd6 33. h6 Re4 34. Qxf6 Re7 35. h7 1-0

[Event "FRM-chT 32nd"]
[Site "Struga"]
[Date "2024.07.26"]
[Round "3.4"]
[White "Mitkovski, Zarko"]
[Black "Risteski, Emil"]
[Result "0-1"]
[WhiteElo "2165"]
[BlackElo "2362"]
[PlyCount "88"]
[EventDate "2024.07.24"]
[EventType "team-tourn"]
[EventRounds "9"]
[EventCountry "MKD"]
[SourceTitle "EXT 2025"]
[Source "ChessBase"]
[SourceDate "2024.10.14"]
[SourceVersion "1"]
[SourceVersionDate "2024.10.14"]
[SourceQuality "1"]
[WhiteTeam "Kumanovo GSHK"]
[BlackTeam "Skopje Gambit Asseko"]
[WhiteTeamCountry "MKD"]
[BlackTeamCountry "MKD"]

1. d4 Nf6 2. Bg5 d5 3. Bxf6 gxf6 4. e3 c5 5. g3 e5 6. Bg2 Be6 7. Ne2 Nc6 8. 0-0 Qd7 9. c4 cxd4 10. exd4 exd4 11. Nxd4 dxc4 12. Nxc6 bxc6 13. Qa4 Rc8 14. Rd1 Qb7 15. Nc3 Be7 16. Qa5 Qc7 17. Qa4 0-0 18. Ne2 Rb8 19. Nd4 Bg4 20. Qxc6 Rbc8 21. Re1 Qxc6 22. Nxc6 Bc5 23. Re4 Be6 24. Rf4 Kg7 25. Rc1 Bb6 26. a4 a5 27. Rh4 Rc7 28. Rh5 f5 29. g4 f6 30. gxf5 Bf7 31. Rh4 Rd7 32. Rc2 Rd1+ 33. Bf1 Rc8 34. Rhxc4 Bxc4 35. Rxc4 Re8 36. Kg2 Ree1 37. Rg4+ Kf8 38. Bc4 Rg1+ 39. Kf3 Rxg4 40. Kxg4 Rd2 41. b3 Rxf2 42. h3 Bc7 43. Be6 Rf4+ 44. Kh5 Bb6 0-1

[Event "FRM-chT 30th"]
[Site "Struga"]
[Date "2022.10.14"]
[Round "1.4"]
[White "Risteski, Emil"]
[Black "Mitkovski, Zarko"]
[Result "1-0"]
[WhiteElo "2351"]
[BlackElo "2161"]
[PlyCount "47"]
[EventDate "2022.10.14"]
[EventType "team-tourn"]
[EventRounds "7"]
[EventCountry "MKD"]
[SourceTitle "CBM 210 Extra"]
[Source "ChessBase"]
[SourceDate "2022.11.30"]
[SourceVersion "1"]
[SourceVersionDate "2022.11.30"]
[SourceQuality "1"]
[WhiteTeam "Skopje Gambit Asseko"]
[BlackTeam "Kumanovo GSHK"]
[WhiteTeamCountry "MKD"]
[BlackTeamCountry "MKD"]

1. e4 c5 2. Nf3 Nc6 3. Bb5 g6 4. Bxc6 dxc6 5. d3 Bg7 6. h3 e5 7. Be3 b6 8. a4 a5 9. Na3 Ne7 10. Nc4 Qc7 11. Qd2 0-0 12. 0-0 f5 13. Bh6 fxe4 14. Bxg7 Kxg7 15. dxe4 Ba6 16. Qc3 Bxc4 17. Qxc4 Rae8 18. Ng5 Nc8 19. Ne6+ Rxe6 20. Qxe6 Rf6 21. Qb3 Nd6 22. f3 Nf7 23. Rad1 Ng5 24. Qd3 1-0

[Event "FRM-chT 23rd"]
[Site "Struga"]
[Date "2014.07.17"]
[Round "4.2"]
[White "Glavinac, Goran"]
[Black "Mitkovski, Zarko"]
[Result "1/2-1/2"]
[WhiteElo "2182"]
[BlackElo "2149"]
[PlyCount "73"]
[EventDate "2014.07.14"]
[EventType "team-tourn"]
[EventRounds "5"]
[EventCountry "MKD"]
[SourceTitle "CBM 161 Extra"]
[Source "ChessBase"]
[SourceDate "2014.08.29"]
[SourceVersion "1"]
[SourceVersionDate "2014.08.29"]
[SourceQuality "1"]
[WhiteTeam "Skopje Karposh"]
[BlackTeam "Kumanovo"]
[WhiteTeamCountry "MKD"]
[BlackTeamCountry "MKD"]

1. Nf3 Nf6 2. g3 g6 3. Bg2 Bg7 4. 0-0 0-0 5. d4 d6 6. c4 c5 7. Nc3 Nc6 8. d5 Na5 9. Nd2 a6 10. Qc2 Rb8 11. b3 b5 12. Bb2 bxc4 13. bxc4 e5 14. Rab1 Bh6 15. e3 Bf5 16. Nce4 Nxe4 17. Bxe4 Bxe4 18. Nxe4 f5 19. Nd2 Qd7 20. Bc3 Rxb1 21. Rxb1 Nb7 22. f4 exf4 23. exf4 g5 24. fxg5 Bxg5 25. Nf3 Bh6 26. h3 Be3+ 27. Kh2 Nd8 28. Ba1 Nf7 29. Qc3 Bh6 30. Qf6 Qd8 31. Qc3 Re8 32. Re1 Re4 33. g4 Rxe1 34. Qxe1 fxg4 35. hxg4 Bg7 36. Bxg7 Kxg7 37. Kg3 1/2-1/2

[Event "FRM-chT 22nd"]
[Site "Struga"]
[Date "2013.07.30"]
[Round "2.3"]
[White "Mitkovski, Zarko"]
[Black "Colovic, Aleksandar"]
[Result "0-1"]
[WhiteElo "2147"]
[BlackElo "2502"]
[PlyCount "121"]
[EventDate "2013.07.29"]
[EventType "team-tourn"]
[EventRounds "7"]
[EventCountry "MKD"]
[SourceTitle "CBM 155 Extra"]
[Source "ChessBase"]
[SourceDate "2013.08.26"]
[SourceVersion "1"]
[SourceVersionDate "2013.08.26"]
[SourceQuality "1"]
[WhiteTeam "Kumanovo"]
[BlackTeam "Skopje Alkaloid"]
[WhiteTeamCountry "MKD"]
[BlackTeamCountry "MKD"]

1. e4 c5 2. Nf3 d6 3. d4 cxd4 4. Nxd4 Nf6 5. Nc3 e6 6. Bc4 Be7 7. Be3 0-0 8. Qe2 a6 9. Bb3 b5 10. 0-0-0 b4 11. Na4 Qa5 12. c3 bxc3 13. Nxc3 Bb7 14. f3 Nbd7 15. Kb1 Rfc8 16. Rc1 Nc5 17. Qd2 Qd8 18. Bc2 Rab8 19. Rhd1 Nfd7 20. Nb3 Qe8 21. Na5 Ba8 22. Ka1 Nb6 23. Bg5 Bf8 24. h4 d5 25. e5 Ncd7 26. Bd3 Bb4 27. Nb3 Nxe5 28. Bxa6 Nbc4 29. Qe2 Bb7 30. Bb5 Bc6 31. Ba6 Rc7 32. Bf4 Bd6 33. Bxc4 Nxc4 34. Bxd6 Nxd6 35. Nd4 Bd7 36. Qe5 Qf8 37. b3 f6 38. Qe1 e5 39. Nde2 d4 40. Ne4 Ra7 41. Nc5 Be8 42. g4 Bf7 43. Rd2 Bxb3 44. Nxb3 Rxb3 45. Nxd4 Rba3 46. Nc6 Ra8 47. Qe2 Qf7 48. Nb4 Qb3 49. Rxd6 Qxb4 50. Rd2 Qf4 51. Rf1 h6 52. h5 Kh8 53. Qf2 e4 54. fxe4 Qe5+ 55. Kb1 Qxe4+ 56. Ka1 Qxg4 57. Qc5 Rxa2+ 58. Rxa2 Rxa2+ 59. Kxa2 Qg2+ 60. Ka3 Qxf1 61. Qd5 0-1

[Event "Skopje Karposh op"]
[Site "Skopje"]
[Date "2013.03.12"]
[Round "5"]
[White "Cvetkovski, Slobodan"]
[Black "Mitkovski, Zarko"]
[Result "0-1"]
[WhiteElo "1890"]
[BlackElo "2170"]
[PlyCount "76"]
[EventDate "2013.03.09"]
[EventType "swiss"]
[EventRounds "9"]
[EventCountry "MKD"]
[SourceTitle "CBM 153 Extra"]
[Source "ChessBase"]
[SourceDate "2013.04.22"]
[SourceVersion "1"]
[SourceVersionDate "2013.04.22"]
[SourceQuality "1"]

1. e4 c5 2. Nf3 g6 3. d4 cxd4 4. Nxd4 Bg7 5. Be3 Nf6 6. Nc3 0-0 7. Bc4 Nc6 8. f3 Qb6 9. Qd2 Nxe4 10. fxe4 Bxd4 11. Bxd4 Qxd4 12. Qxd4 Nxd4 13. 0-0-0 Nc6 14. Nd5 Kg7 15. Bb5 e6 16. Nc3 Ne5 17. h3 a6 18. Be2 b5 19. Rd4 Bb7 20. Rf1 Bc6 21. a4 Rfb8 22. b3 b4 23. Nd1 a5 24. Ne3 Ra7 25. g3 h5 26. Kb2 f6 27. h4 Kf7 28. Kb1 Ke7 29. Kb2 Rb6 30. Rfd1 Rc7 31. Ng2 Bb7 32. Nf4 Rbc6 33. R1d2 Rc3 34. Nd3 Nxd3+ 35. Bxd3 e5 36. Rc4 R7xc4 37. bxc4 Bc6 38. Rg2 f5 0-1

[Event "Skopje Karposh op"]
[Site "Skopje"]
[Date "2013.03.10"]
[Round "2"]
[White "Mitkovski, Zarko"]
[Black "Golubovic, Tomislav"]
[Result "1-0"]
[WhiteElo "2170"]
[BlackElo "1876"]
[PlyCount "57"]
[EventDate "2013.03.09"]
[EventType "swiss"]
[EventRounds "9"]
[EventCountry "MKD"]
[SourceTitle "CBM 153 Extra"]
[Source "ChessBase"]
[SourceDate "2013.04.22"]
[SourceVersion "1"]
[SourceVersionDate "2013.04.22"]
[SourceQuality "1"]

1. e4 e5 2. Nf3 Nc6 3. Bc4 Bc5 4. c3 Nf6 5. d3 d6 6. 0-0 Bg4 7. Nbd2 Qd7 8. b4 Bb6 9. a4 a6 10. Bb3 0-0 11. Nc4 Ba7 12. Bg5 Qe7 13. h3 Be6 14. b5 Nb8 15. Na5 c5 16. Nh2 h6 17. Bxf6 gxf6 18. Qh5 Kh7 19. Bd5 Nd7 20. Bxb7 f5 21. exf5 Nf6 22. Qf3 Bd5 23. Bxd5 Nxd5 24. Qxd5 Rg8 25. Nc4 Rad8 26. b6 Bb8 27. Ne3 Qh4 28. Kh1 Rde8 29. Qe4 1-0

[Event "FRM-chT 21st"]
[Site "Struga"]
[Date "2012.07.20"]
[Round "5.2"]
[White "Mitkovski, Zarko"]
[Black "Danchevski, Orce"]
[Result "0-1"]
[WhiteElo "2177"]
[BlackElo "2384"]
[PlyCount "96"]
[EventDate "2012.07.16"]
[EventType "team-tourn"]
[EventRounds "7"]
[EventCountry "MKD"]
[SourceTitle "CBM 149 Extra"]
[Source "ChessBase"]
[SourceDate "2012.08.24"]
[SourceVersion "1"]
[SourceVersionDate "2012.08.24"]
[SourceQuality "1"]
[WhiteTeam "Kumanovo"]
[BlackTeam "Skopje Aseko See"]
[WhiteTeamCountry "MKD"]
[BlackTeamCountry "MKD"]

1. e4 d5 2. exd5 Nf6 3. Nc3 Nxd5 4. Bc4 c6 5. Qf3 Nf6 6. h3 Nbd7 7. Qe2 Nb6 8. Bb3 Bf5 9. Nf3 e6 10. d3 h6 11. Bd2 Qc7 12. 0-0-0 0-0-0 13. g4 Bh7 14. Ne5 Nbd5 15. f4 Bd6 16. Rde1 Rhe8 17. g5 hxg5 18. fxg5 Nxc3 19. Bxc3 Nd5 20. Bxd5 exd5 21. g6 fxg6 22. Qg4+ Kb8 23. Nxg6 d4 24. Bd2 Qf7 25. Rxe8 Rxe8 26. Nf4 Qxa2 27. Kd1 Qf7 28. Rg1 Re7 29. h4 Bf5 30. Qg5 Bc8 31. h5 b6 32. h6 gxh6 33. Qxh6 Bc7 34. b3 Kb7 35. Rg6 Bd7 36. Qg5 a5 37. Kc1 Be5 38. Kb2 Be8 39. Rh6 Qg7 40. Ng6 Bf6 41. Qf5 Re3 42. Qh5 Ka6 43. Bxe3 dxe3+ 44. c3 Bxc3+ 45. Kc2 Qxh6 46. Qxh6 e2 47. Kxc3 e1Q+ 48. Kb2 Qf2+ 0-1

[Event "FRM-chT 21st"]
[Site "Struga"]
[Date "2012.07.18"]
[Round "3.2"]
[White "Mitkovski, Zarko"]
[Black "Georgiev, Vladimir"]
[Result "0-1"]
[WhiteElo "2177"]
[BlackElo "2562"]
[PlyCount "40"]
[EventDate "2012.07.16"]
[EventType "team-tourn"]
[EventRounds "7"]
[EventCountry "MKD"]
[SourceTitle "CBM 149 Extra"]
[Source "ChessBase"]
[SourceDate "2012.08.24"]
[SourceVersion "1"]
[SourceVersionDate "2012.08.24"]
[SourceQuality "1"]
[WhiteTeam "Kumanovo"]
[BlackTeam "Skopje Kisela Voda"]
[WhiteTeamCountry "MKD"]
[BlackTeamCountry "MKD"]

1. e4 e5 2. Nf3 Nc6 3. Bb5 a6 4. Ba4 Nf6 5. 0-0 b5 6. Bb3 Bb7 7. d4 Nxd4 8. Nxd4 exd4 9. e5 Ne4 10. Qf3 Qe7 11. Re1 Nc5 12. Qg4 Nxb3 13. axb3 c5 14. Bg5 Qe6 15. Qh5 Qf5 16. Qh4 h6 17. Bd2 Qxc2 18. Qf4 Qg6 19. f3 Be7 20. h4 0-0 0-1

[Event "Skopje Karposh op"]
[Site "Skopje"]
[Date "2012.04.11"]
[Round "6"]
[White "Ljangov, Petar"]
[Black "Mitkovski, Zarko"]
[Result "1/2-1/2"]
[WhiteElo "2089"]
[BlackElo "2185"]
[PlyCount "48"]
[EventDate "2012.04.07"]
[EventType "swiss"]
[EventRounds "9"]
[EventCountry "MKD"]
[SourceTitle "CBM 147 Extra"]
[Source "ChessBase"]
[SourceDate "2012.04.24"]
[SourceVersion "1"]
[SourceVersionDate "2012.04.24"]
[SourceQuality "1"]

1. e4 g6 2. d4 Bg7 3. Nc3 d6 4. Nge2 Nf6 5. g3 0-0 6. Bg2 e5 7. 0-0 c6 8. a4 a5 9. h3 Na6 10. Be3 Re8 11. g4 Nb4 12. Ng3 exd4 13. Bxd4 d5 14. exd5 Nbxd5 15. Nxd5 Nxd5 16. Bxg7 Kxg7 17. Qd4+ Qf6 18. Qxf6+ Nxf6 19. g5 Nd5 20. Bxd5 cxd5 21. h4 Be6 22. f4 Rac8 23. c3 Bd7 24. Rfd1 Bc6 1/2-1/2

[Event "Skopje Karposh op"]
[Site "Skopje"]
[Date "2012.04.08"]
[Round "2"]
[White "Golubovic, Tomislav"]
[Black "Mitkovski, Zarko"]
[Result "0-1"]
[WhiteElo "1944"]
[BlackElo "2185"]
[PlyCount "89"]
[EventDate "2012.04.07"]
[EventType "swiss"]
[EventRounds "9"]
[EventCountry "MKD"]
[SourceTitle "CBM 147 Extra"]
[Source "ChessBase"]
[SourceDate "2012.04.24"]
[SourceVersion "1"]
[SourceVersionDate "2012.04.24"]
[SourceQuality "1"]

1. e4 g6 2. d4 Bg7 3. Nf3 d6 4. Be3 Nf6 5. Bd3 0-0 6. h3 Na6 7. c3 c5 8. Qd2 b6 9. Qe2 Nc7 10. Nbd2 Bb7 11. dxc5 bxc5 12. 0-0 Rb8 13. Rab1 Qd7 14. Rfd1 Nh5 15. Nf1 Ne6 16. Qd2 Qc7 17. N1h2 Nf6 18. Bh6 Nxe4 19. Qe3 Nf6 20. Bxg7 Kxg7 21. Ng5 Nxg5 22. Qxg5 c4 23. Bc2 Be4 24. Bxe4 Nxe4 25. Qe3 Nf6 26. Rd4 h5 27. Nf3 Rb5 28. Qe2 d5 29. Re1 Ne4 30. Nh4 Rfb8 31. Rxe4 dxe4 32. Qxe4 R8b7 33. f4 Qc5+ 34. Kh1 Qf2 35. Nf3 Rxb2 36. Nd4 Qxe1+ 37. Qxe1 Rb1 38. Qxb1 Rxb1+ 39. Kh2 Rc1 40. Nc6 e6 41. Nxa7 Rxc3 42. Nb5 Rd3 43. a4 c3 44. Na3 Rd2 45. a5 0-1

[Event "Skopje op 19th"]
[Site "Skopje"]
[Date "2011.10.28"]
[Round "5"]
[White "Mitkovski, Zarko"]
[Black "Colovic, Aleksandar"]
[Result "1/2-1/2"]
[WhiteElo "2174"]
[BlackElo "2451"]
[PlyCount "88"]
[EventDate "2011.10.24"]
[EventType "swiss"]
[EventRounds "9"]
[EventCountry "MKD"]
[SourceTitle "EXT 2012"]
[Source "ChessBase"]
[SourceDate "2011.11.24"]
[SourceVersion "1"]
[SourceVersionDate "2011.11.24"]
[SourceQuality "1"]

1. e4 c5 2. Nf3 d6 3. d4 cxd4 4. Nxd4 Nf6 5. Nc3 e6 6. Bc4 Be7 7. Be3 0-0 8. Qe2 Nc6 9. 0-0-0 Nxd4 10. Bxd4 Qa5 11. e5 dxe5 12. Qxe5 Qxe5 13. Bxe5 b6 14. f3 Bb7 15. Bd6 Bxd6 16. Rxd6 Rfc8 17. Bb3 Kf8 18. Rhd1 Ke7 19. R6d2 Bc6 20. Re1 Rd8 21. Re3 g5 22. Ne2 Bb7 23. Nd4 Nd5 24. Re1 Rac8 25. a3 Kf6 26. c3 e5 27. Bxd5 Rxd5 28. Nb3 h5 29. Rxd5 Bxd5 30. Nd2 Ke6 31. Kc2 f5 32. g3 Kf6 33. a4 g4 34. fxg4 hxg4 35. Kd3 Rd8 36. Ke3 Bc6 37. Rf1 Rh8 38. Rf2 Bxa4 39. Ne4+ Kg6 40. Nd6 Rf8 41. Nc4 Kf6 42. Rd2 Bb3 43. Nd6 a6 44. Nxf5 Be6 1/2-1/2

[Event "Skopje op 19th"]
[Site "Skopje"]
[Date "2011.10.26"]
[Round "3"]
[White "Mitkovski, Zarko"]
[Black "Konstantinov, Aleksandar1"]
[Result "1/2-1/2"]
[WhiteElo "2174"]
[BlackElo "1710"]
[PlyCount "78"]
[EventDate "2011.10.24"]
[EventType "swiss"]
[EventRounds "9"]
[EventCountry "MKD"]
[SourceTitle "EXT 2012"]
[Source "ChessBase"]
[SourceDate "2011.11.24"]
[SourceVersion "1"]
[SourceVersionDate "2011.11.24"]
[SourceQuality "1"]

1. Nf3 Nf6 2. b3 g6 3. Bb2 Bg7 4. g3 0-0 5. Bg2 d6 6. 0-0 e5 7. c4 Re8 8. Nc3 Nbd7 9. d3 Nf8 10. b4 Bd7 11. Qb3 Qc8 12. Rfe1 Bh3 13. Bh1 Ne6 14. e3 h6 15. Bg2 Bxg2 16. Kxg2 Nh7 17. h4 a5 18. Nd5 axb4 19. Qxb4 Nc5 20. Qd2 Nf6 21. Nxf6+ Bxf6 22. e4 Bg7 23. Bc3 Ra4 24. Reb1 Qa8 25. Rb2 Ra6 26. Rc2 Qa7 27. Rb1 Ra8 28. Rbb2 Na4 29. Rb3 Nxc3 30. Qxc3 b6 31. Rbb2 Ra3 32. Qd2 Qa5 33. Qxa5 R8xa5 34. Ne1 f5 35. f3 Kf7 36. Kf2 Ke6 37. Ke2 Bf6 38. Ng2 Ra8 39. g4 f4 1/2-1/2

[Event "Skopje op 19th"]
[Site "Skopje"]
[Date "2011.10.25"]
[Round "2"]
[White "Bogdanovski, Vlatko"]
[Black "Mitkovski, Zarko"]
[Result "1-0"]
[WhiteElo "2418"]
[BlackElo "2174"]
[PlyCount "85"]
[EventDate "2011.10.24"]
[EventType "swiss"]
[EventRounds "9"]
[EventCountry "MKD"]
[SourceTitle "EXT 2012"]
[Source "ChessBase"]
[SourceDate "2011.11.24"]
[SourceVersion "1"]
[SourceVersionDate "2011.11.24"]
[SourceQuality "1"]

1. d4 Nf6 2. c4 g6 3. Nc3 Bg7 4. e4 d6 5. Nge2 0-0 6. f3 e5 7. Bg5 c6 8. Qd2 Qa5 9. d5 cxd5 10. cxd5 Bd7 11. Nc1 Rc8 12. Be2 Na6 13. a3 Qc7 14. Nd3 Nc5 15. Nxc5 Qxc5 16. Be3 Qa5 17. 0-0 a6 18. Rfc1 Nh5 19. b4 Qd8 20. a4 Nf4 21. Bf1 h5 22. a5 h4 23. Na4 Rxc1 24. Qxc1 Rc8 25. Qd2 Bxa4 26. Rxa4 Qc7 27. Ra1 Qc3 28. Rc1 Qxc1 29. Qxc1 Rxc1 30. Bxc1 Bf6 31. g3 hxg3 32. hxg3 Nh5 33. Kf2 Bd8 34. Bh3 b6 35. b5 bxa5 36. bxa6 Bc7 37. Be3 Bb8 38. Bd7 f5 39. a7 Bxa7 40. Bxa7 Nf6 41. Bc6 fxe4 42. Bb8 exf3 43. Kxf3 1-0

[Event "Graz op 18th"]
[Site "Graz"]
[Date "2011.09.03"]
[Round "8"]
[White "Mitkovski, Zarko"]
[Black "Singer, Richard"]
[Result "0-1"]
[WhiteElo "2151"]
[BlackElo "2260"]
[PlyCount "60"]
[EventDate "2011.08.27"]
[EventType "swiss"]
[EventRounds "9"]
[EventCountry "AUT"]
[SourceTitle "CBM 144 Extra"]
[Source "ChessBase"]
[SourceDate "2011.10.28"]
[SourceVersion "1"]
[SourceVersionDate "2011.10.28"]
[SourceQuality "1"]

1. e4 g6 2. d4 Bg7 3. Nc3 d6 4. Be3 c6 5. Qd2 b5 6. h3 Nd7 7. g4 Nb6 8. b3 h5 9. g5 e6 10. Bg2 Ne7 11. f4 d5 12. e5 Nf5 13. Bf2 Bf8 14. Nf3 Qc7 15. Ne2 a5 16. 0-0 Ba6 17. Rfc1 Ba3 18. Rd1 0-0 19. Bf1 Rfc8 20. Kh2 Nd7 21. Ng3 Nxg3 22. Kxg3 Bb7 23. c4 c5 24. cxb5 c4 25. Qc2 Nb6 26. Nd2 Qd7 27. Rab1 a4 28. bxc4 dxc4 29. d5 h4+ 30. Kh2 Qxd5 0-1

[Event "Graz op 18th"]
[Site "Graz"]
[Date "2011.09.01"]
[Round "6"]
[White "Mitkovski, Zarko"]
[Black "Tomazini, Aljosa"]
[Result "0-1"]
[WhiteElo "2151"]
[BlackElo "2304"]
[PlyCount "122"]
[EventDate "2011.08.27"]
[EventType "swiss"]
[EventRounds "9"]
[EventCountry "AUT"]
[SourceTitle "CBM 144 Extra"]
[Source "ChessBase"]
[SourceDate "2011.10.28"]
[SourceVersion "1"]
[SourceVersionDate "2011.10.28"]
[SourceQuality "1"]

1. e4 e5 2. Nf3 Nc6 3. Bc4 Nf6 4. d3 Bc5 5. 0-0 0-0 6. c3 d5 7. exd5 Nxd5 8. b4 Be7 9. h3 Bf6 10. a3 a6 11. Re1 Nxc3 12. Nxc3 e4 13. Bg5 exf3 14. Bxf6 Qxf6 15. Qxf3 Qxf3 16. gxf3 Nd4 17. Re7 Nxf3+ 18. Kg2 Nh4+ 19. Kh2 c6 20. Ne4 Nf5 21. Rc7 Rb8 22. Ng5 Nd6 23. Re1 Bf5 24. Ree7 Bg6 25. h4 Rbc8 26. Rxc8 Rxc8 27. Rd7 Nxc4 28. dxc4 b5 29. c5 h6 30. Nf3 Be4 31. Nd4 a5 32. bxa5 Ra8 33. Rc7 Rxa5 34. Nxc6 Rxa3 35. Nd4 b4 36. Rc8+ Kh7 37. Rb8 Rc3 38. Rxb4 Rxc5 39. f3 Bd5 40. Rb2 Rc3 41. Kg3 Rd3 42. Rb4 Kg6 43. Rb6+ Kh5 44. Rb4 f5 45. Ra4 g5 46. hxg5 hxg5 47. Kf2 f4 48. Ke2 Rc3 49. Kf2 Rc4 50. Rxc4 Bxc4 51. Nc2 Kg6 52. Ne1 Kf5 53. Ng2 Ke5 54. Ke1 Bd5 55. Ke2 Kd4 56. Ne1 Kc3 57. Ng2 Bc4+ 58. Ke1 Kc2 59. Kf2 Kd2 60. Ne1 Bb5 61. Ng2 Bd7 0-1

[Event "Graz op 18th"]
[Site "Graz"]
[Date "2011.08.31"]
[Round "5"]
[White "Dietmayer Kraeutler, Marco"]
[Black "Mitkovski, Zarko"]
[Result "1/2-1/2"]
[WhiteElo "2222"]
[BlackElo "2151"]
[PlyCount "39"]
[EventDate "2011.08.27"]
[EventType "swiss"]
[EventRounds "9"]
[EventCountry "AUT"]
[SourceTitle "CBM 144 Extra"]
[Source "ChessBase"]
[SourceDate "2011.10.28"]
[SourceVersion "1"]
[SourceVersionDate "2011.10.28"]
[SourceQuality "1"]

1. d4 Nf6 2. c4 g6 3. Nc3 Bg7 4. e4 d6 5. Nf3 0-0 6. Be2 e5 7. 0-0 Nc6 8. d5 Ne7 9. b4 b6 10. a4 a5 11. Ba3 axb4 12. Bxb4 Ba6 13. a5 bxa5 14. Bxa5 Nd7 15. Qc2 Nc5 16. Bb4 c6 17. h3 cxd5 18. cxd5 Bxe2 19. Qxe2 Rxa1 20. Rxa1 1/2-1/2

[Event "FRM-chT 2nd League"]
[Site "Skopje"]
[Date "2011.04.10"]
[Round "1"]
[White "Mitkovski, Zarko"]
[Black "Drpljanin, Elmaz"]
[Result "1-0"]
[WhiteElo "2165"]
[BlackElo "2150"]
[PlyCount "109"]
[EventDate "2011.04.10"]
[EventType "team-tourn"]
[EventRounds "7"]
[EventCountry "MKD"]
[SourceTitle "EXT 2019"]
[Source "ChessBase"]
[SourceDate "2018.10.10"]
[SourceVersion "1"]
[SourceVersionDate "2018.10.10"]
[SourceQuality "1"]

1. e4 e6 2. d4 d5 3. Nc3 Nf6 4. Bg5 Be7 5. e5 Nfd7 6. Bxe7 Qxe7 7. f4 0-0 8. Nf3 a6 9. Bd3 f5 10. exf6 Nxf6 11. Qd2 c5 12. dxc5 Qxc5 13. 0-0-0 Nc6 14. Kb1 Nb4 15. Ne5 Nxd3 16. Qxd3 Nd7 17. Rhf1 Nxe5 18. fxe5 Rxf1 19. Rxf1 Qe7 20. Qf3 Bd7 21. g3 Rc8 22. Qe3 Qc5 23. Qxc5 Rxc5 24. Rf4 Be8 25. Ne2 d4 26. Nxd4 Rxe5 27. Kc1 Bg6 28. Rf2 h6 29. Re2 Rxe2 30. Nxe2 e5 31. Kd2 Kf7 32. c4 Ke6 33. Ke3 a5 34. Nc3 Kd6 35. b3 Kc5 36. a3 Bc2 37. Ne4+ Kc6 38. b4 b6 39. h4 a4 40. g4 g6 41. g5 h5 42. Nf6 Kd6 43. Ne4+ Ke6 44. c5 bxc5 45. Nxc5+ Kd5 46. Kd2 Bf5 47. Nxa4 Kd4 48. Nc3 Kc4 49. b5 Kc5 50. a4 Kb6 51. Ke3 Ka5 52. Nd5 Bb1 53. b6 Ka6 54. a5 Kb7 55. Nb4 1-0

[Event "Skopje op"]
[Site "Skopje"]
[Date "2011.03.23"]
[Round "5"]
[White "Tairi, Krenar"]
[Black "Mitkovski, Zarko"]
[Result "0-1"]
[WhiteElo "1690"]
[BlackElo "2165"]
[PlyCount "91"]
[EventDate "2011.03.19"]
[EventType "swiss"]
[EventRounds "9"]
[EventCountry "MKD"]
[SourceTitle "CBM 141 Extra"]
[Source "ChessBase"]
[SourceDate "2011.05.03"]
[SourceVersion "1"]
[SourceVersionDate "2011.05.03"]
[SourceQuality "1"]

1. d4 Nf6 2. c4 g6 3. Nc3 Bg7 4. e4 d6 5. f3 0-0 6. Be3 Nc6 7. Nge2 e5 8. Qd2 a6 9. d5 Ne7 10. g4 Nd7 11. Ng3 f5 12. gxf5 gxf5 13. Rg1 f4 14. Nh5 Ng6 15. Nxg7 fxe3 16. Qxe3 Kxg7 17. 0-0-0 Qf6 18. Rg3 Qf4 19. Kd2 Kh8 20. Bh3 Nf6 21. Bxc8 Raxc8 22. Rdg1 Qxe3+ 23. Kxe3 Nf4 24. Na4 b6 25. b4 Rf7 26. Rc1 b5 27. cxb5 axb5 28. Nc3 c6 29. Nxb5 Ra8 30. dxc6 Rxa2 31. Nc3 Rb2 32. b5 Ra7 33. Rgg1 Ra3 34. Rge1 Ng2+ 35. Kd3 Nxe1+ 36. Kc4 Ne8 37. Rxe1 Rxc3+ 38. Kxc3 Rxb5 39. Ra1 Rc5+ 40. Kd3 Nc7 41. Ke3 Rc3+ 42. Kf2 Rxc6 43. Rg1 Ne6 44. h4 Rc2+ 45. Ke1 Rc1+ 46. Kf2 0-1